| 000 | 00510nam a2200157 4500 | ||
|---|---|---|---|
| 001 | 110134 | ||
| 003 | ES-MaACL | ||
| 007 | t| | ||
| 008 | 061121s1975 sp r ||||1| spa d | ||
| 100 | 1 |
_aOrbaneja y Aragón, José de. _987151 |
|
| 245 | 1 | 0 |
_aSocialismo año 2000 _b: síntesis hegelina de comunismo y capitalismo / _cpresentación y conclusiones José de Orbaneja. |
| 250 | _a[1ª ed.]. | ||
| 260 |
_aBarcelona : _bSagitario, _c1975. |
||
| 300 |
_a249 p. ; _c22 cm. |
||
| 852 |
_aES-MaACL _jE-8434 _bR.92934 |
||
| 999 |
_c110134 _d110134 |
||